000 00299nam a22001337a 4500
008 170607b xxu||||| |||| 00| 0 eng d
020 _a9780495797760
041 _aeng
080 _29TH
_a32
100 _a18
101 _aSHP
245 _aUNDERSTANDING POLITICS
_cMAGSTADT,TH.M
942 _2udc
_cBK
999 _c16349
_d16349